| 000 | 003150000a22001090004500 | ||
|---|---|---|---|
| 100 | 1 | _aSusin, Luiz Carlos | |
| 245 | 1 | 0 | _aEcclesia ab abel |
| 300 | _aVol.314, núm.314 (Febrero, 2006), Páginas 59-69 | ||
| 500 | _aSubtítulo : Los "pobres" y la iglesia al inicio del siglo XXI | ||
| 773 | 0 | _tConcilium | |
| 942 | _cANA | ||
| 999 |
_c61238 _d61238 |
||